Podnikateľské prostredie na Slovensku bakalárska práca

Uložené v:
Podrobná bibliografia
Hlavný autor: Hudák, Dávid
Korporativný autor: Obchodná fakulta EU. Katedra obchodného práva
Ďalší autori: Borodovčák, Milan
Médium: Kniha
Jazyk:Slovak
Vydavateľské údaje: Bratislava 2010
Tagy: Pridať tag
Žiadne tagy, Buďte prvý, kto otaguje tento záznam!

MARC

LEADER 00000nam$a2200000$$$4500
001 0134895
005 20240320074358.2
041 0 |a slo 
044 |a SK 
245 1 0 |a Podnikateľské prostredie na Slovensku  |b bakalárska práca  |c Dávid Hudák ; školiteľ: Milan Borodovčák 
264 1 |a Bratislava  |c 2010 
300 |a 52 s. 
100 1 |a Hudák, Dávid 
700 1 |a Borodovčák, Milan 
710 2 |a Obchodná fakulta EU. Katedra obchodného práva